Bairros de Fortaleza - Statistics

Estatísticas Gerais
  • Esse quiz foi jogado 1 160 vezes
  • A pontuação média é 48 de 121
Estatísticas das Respostas
Hint Resposta % Correto
A Aldeota
89%
M Meireles
84%
M Messejana
82%
C Centro
80%
B Barra do Ceará
77%
P Parangaba
77%
P Papicu
71%
B Benfica
68%
P Pici
67%
B Bom Jardim
65%
M Montese
64%
A Aerolândia
63%
P Pirambu
63%
M Mucuripe
62%
C Castelão
60%
E Edson Queiroz
60%
F Fátima
60%
P Parquelândia
60%
V Varjota
60%
A Aeroporto
59%
C Cidade 2000
59%
C Cocó
58%
G Granja Portugal
56%
S Siqueira
56%
A Antônio Bezerra
55%
M Maraponga
55%
M Mondubim
54%
P Praia de Iracema
54%
C Cidade dos Funcionários
53%
D Dionísio Torres
53%
J Jangurussu
53%
P Passaré
52%
P Presidente Kennedy
50%
D Damas
49%
G Granja Lisboa
49%
V Vila Velha
49%
S Sabiaguaba
47%
S Serrinha
45%
V Vicente Pizón
45%
C Conjunto Palmeiras
44%
P Praia do Futuro I
44%
S Sapiranga
43%
C Cambeba
42%
C Conjunto Ceará I
42%
H Henrique Jorge
42%
J Jacarecanga
42%
J Joaquim Távora
42%
P Praia do Futuro II
42%
P Prefeito José Walter
42%
B Barroso
41%
C Conjunto Ceará II
41%
Q Quintino Cunha
41%
V Vila União
41%
I Itaperi
40%
L Lagoa Redonda
40%
B Bonsucesso
39%
G Guararapes
39%
P Parque Dois Irmãos
39%
P Pedras
38%
P Planalto Ayrton Senna
38%
F Farias Brito
35%
M Monte Castelo
35%
A Álvaro Weyne
34%
C Cais do Porto
34%
C Conjunto Esperança
34%
C Curió
34%
G Genibaú
34%
J João XXIII
34%
V Vila Peri
34%
B Bela Vista
33%
C Carlito Pamplona
33%
C Cristo Redentor
33%
J Joquei Clube
33%
P Paupina
33%
R Rodolfo Teófilo
33%
A Alto da Balança
32%
A Ancuri
31%
C Canindezinho
31%
J Jardim das Oliveiras
31%
J Jardim Iracema
31%
E Engenheiro Luciano Cavalcante
30%
J Jardim América
30%
S São João do Tauape
30%
P Parque Araxá
29%
D Dias Macedo
28%
P Parque Iracema
28%
S São Gerardo
28%
A Autran Nunes
27%
C Cajazeiras
27%
D De Lourdes
27%
F Floresta
26%
I Itaoca
26%
P Panamericano
26%
P Parque Manibura
26%
J Jardim Guanabara
25%
P Parque Santa Rosa
25%
J José Bonifácio
24%
J José de Alencar
24%
P Parreão
24%
A Aracapé
23%
D Demócrito Rocha
23%
M Manoel Sátiro
23%
N Novo Mondubim
22%
P Presidente Vargas
22%
B Bom Futuro
21%
P Parque São José
21%
O Olavo Oliveira
20%
P Padre Andrade
20%
A Amadeu Furtado
19%
S Salinas
19%
C Coaçu
17%
D Dendê
17%
D Dom Lustosa
17%
P Parque Santa Maria
17%
V Vila Ellery
17%
G Guajeru
15%
J Jardim Cearense
15%
M Manuel Dias Branco
15%
A Arraial Moura Brasil
14%
C Couto Fernandes
14%
S São Bento
10%
Nenhum quiz correspondente encontrado
Distribuição das Pontuações
Porcentagem de Pessoas com Cada Pontuação
Percentil de Números Respondidos
Sua Pontuação Histórica
Você não jogou esse quiz